MARC

LEADER 00000cam a2200000 7i4500
001 0000028443
005 20221228093000.0
008 021119s1987
090 0 0 |a HD4300.6   |b .D37 1987 
110 1 |a Seminar Kebangsaan Dasar Ekonomi Baru Selepas 1990 .   |b Kuala Lumpur) 
245 0 0 |a Peranan sektor korporat awam   |c Gemaputera 
260 |a Kuala Lumpur :   |b Gemaputera ,   |c 1987 
300 |a 184 ms ;   |c 30 sm. 
650 1 0 |a Government business enterprises   |z Malaysia   |v Congresses 
651 0 |a Malaysia   |x Economic conditions   |x Congresses 
651 0 |a Malaysia   |x Economic policy   |x Congresses 
710 1 |a Gabungan Agensi-Agensi Amanah Bumiputera dan Perusahaan-Perusahaan Awam Malaysia 
999 |a 1000047811   |b Seminar Papers   |c Open Shelf (7 days)   |e Gong Badak Campus